000
00314nam a2200121Ia 4500
008
190216s9999||||xx |||||||||||||| ||und||
100
_a
"Dhar B L,Chopra K L,Sehgal D L And Sehgal N K"
245
0
_a
Problems In Physics
260
_b
Sulthan Chand&Sons
_c
1986
300
_a
8.86
650
_a
Physics
942
_c
BK
999
_c
33015
_d
33015